Повне зібрання творів, архів, студії (Запис № 310409)

МАРК-запис
000 -Лідер
fixed length control field 00913nam a22002777a 4500
001 - Контрольний номер
control field 24144
003 - Ідентифікатор контрольного номера
control field UA-OsUOA
005 - Дата та час останнього входження (трансакції)
control field 20220815120605.0
007 - Фіксоване поле фізичного опису
fixed length control field ta
008 - Елементи даних фіксованої довжини – загальна інформація
fixed length control field 20040209b un ||||| |||| 00| 0 ukr d
020 ## - Міжнародний стандартний книжковий номер (ISBN)
Міжнародний стандартний книжковий номер (ISBN) (НП) 577021127X
040 ## - Джерело каталогізації
Агенція оригінальної каталогізації UA-OsUOA
Мова каталогізації ukr
Агенція, яка здійснювала перезапис UA-OsUOA
Агенція, яка здійснювала модифікацію UA-OsUOA
041 ## - Код мови
Код мови тексту/ звукової доріжки чи окремого заголовка (П) ukr
044 ## - Код країни видавця/ виробника
Код країни видавця/ виробника (П) UA
080 ## - Індекс Універсальної десяткової класифікації
Індекс Універсальної десяткової класифікації (УДК) (НП) 323.1(477)
090 ## - Локальний шифр розміщення
Класифікаційний індекс УДК 323.1(477)
Авторський знак (НП) Л63
100 ## - Основне введення – ім’я особи
Ім’я особи (НП) Липинський В.
245 ## - Відомості про назву
Назва (НП) Повне зібрання творів, архів, студії
Номер частини/ розділу роботи (П) Кн. 1
-- Ч. 1
260 ## - Публікація, розповсюдження і т.п. (Вихідні дані)
Місце публікації, розповсюдження і т.п. (П) К.
Ім’я/ наймення видавництва, розповсюджувача і т.п. (П) Книга
Дата публікації, розповсюдження і т.п. (П) 1995
Місце публікації, розповсюдження і т.п. (П) Філадельфія
300 ## - Фізичний опис
Обсяг 470 с.
505 ## - Форматована примітка про зміст
Змішана інформація Т. 6
Назва Листи до братів-хліборобів: про ідею і організацію українського монархізму
650 #7 - Додаткове предметне введення – тематичний термін
Джерело заголовка чи терміна UDC
Тематичний термін чи географічна назва, як елемент введення (НП) 32 Політика
942 ## - Додаткові елементи входу (Коха)
Тип елемента Koha Книги
Source of classification or shelving scheme Universal Decimal Classification
955 ## - Код типу видання за змістом
Код типу видання за змістом (НП) Навчальні видання
Фонди
Стан вилучень Стан втрат Джерело класифікації або схеми стелажів Стан уражень Не для кредиту Код колекції Постійне місце розташування Поточне розміщення Дата придбання Джерело придбання Вартість, звичайна ціна покупки Послідовне перерахування / хронологія Інвентарний номер Повний номер виклику Штрих-код Дата останнього перегляду Ціна ефективна від Тип елемента Koha Усього замовленно Дата останньої перевірки
Withdrawn   Universal Decimal Classification     Колекція Жулинського М.Г. АБ - Абонемент НБ АБ - Абонемент НБ 27/01/2012 3/2012 10.00 Т. 6 136728 323.1(477) Л63 136728 13/07/2019 27/01/2012 Книги    
    Universal Decimal Classification     Колекція Ковальського М.П. ЧЗ - Читальна зала ЧЗ - Читальна зала 21/08/2009 115/2009 10.00 Т. 6 122906 323.1(477) Л63 122906 07/02/2022 09/02/2004 Книги    
Withdrawn   Universal Decimal Classification       ЧЗ - Читальна зала ЧЗ - Читальна зала 09/02/2004   3.00 Т. 6 64759 323.1(477) Л63 64759 13/07/2019 09/02/2004 Книги    
    Universal Decimal Classification       ЧЗ - Читальна зала ЧЗ - Читальна зала 09/02/2004   4.00 Т. 6 64760 323.1(477) Л63 64760 09/09/2024 09/02/2004 Книги 1 03/09/2024
Withdrawn   Universal Decimal Classification       ЧЗ - Читальна зала ЧЗ - Читальна зала 09/02/2004   28.70 Т. 6 64761 323.1(477) Л63 64761 13/07/2019 09/02/2004 Книги    
    Universal Decimal Classification       ЧЗ - Читальна зала ЧЗ - Читальна зала 09/02/2004   28.70 Т. 6 64762 323.1(477) Л63 64762 07/02/2022 09/02/2004 Книги    
    Universal Decimal Classification       ЧЗ - Читальна зала ЧЗ - Читальна зала 09/02/2004   28.70 Т. 6 64763 323.1(477) Л63 64763 07/02/2022 09/02/2004 Книги    
    Universal Decimal Classification       ЧЗ - Читальна зала ЧЗ - Читальна зала 03/03/2014     Т. 6 64758 323.1(477) Л63 64758 24/09/2024 03/03/2014 Книги 1 03/09/2024